[Event "20. Obert Int. Sant Marti 2018"]
[Site "Barcelona ESP"]
[Date "2018.07.16"]
[Round "4.35"]
[White "Sanchez Lopez, Juan Manuel"]
[Black "Niklesh, Kumar Jain"]
[Result "1/2-1/2"]
[WhiteElo "2127"]
[BlackElo "1955"]
[PlyCount "131"]
[EventDate "2018.07.13"]
[EventType "swiss"]
[EventRounds "9"]
[EventCountry "ESP"]
[SourceTitle "Ajedrez en Madrid"]
[Source "lmi"]
[SourceDate "2018.07.13"]
[SourceVersion "1"]
[SourceVersionDate "2019.06.21"]
[SourceQuality "1"]

1. c4 e5 2. Nc3 Nc6 3. g3 Bb4 4. Nd5 Bc5 5. Bg2 Nge7 6. d3 O-O 7. Nf3 d6 8. Bd2
a5 9. Bc3 f5 10. d4 Nxd5 11. cxd5 Nxd4 12. Nxd4 exd4 13. Bxd4 Bb4+ 14. Bc3
Bxc3+ 15. bxc3 Qf6 16. O-O f4 17. Qd4 b6 18. Rad1 Bd7 19. Rfe1 Rf7 20. Qxf6
Rxf6 21. Rd4 g5 22. Rc4 Rc8 23. gxf4 Rxf4 24. Rxf4 gxf4 25. Bf3 Kf7 26. Rd1
Rg8+ 27. Kf1 Bh3+ 28. Ke1 Rg1+ 29. Kd2 Rxd1+ 30. Kxd1 Kf6 31. Kd2 Ke5 32. Kd3
Bf5+ 33. e4 Bc8 34. Bg2 Ba6+ 35. Kd2 Bc8 36. f3 Ba6 37. a3 h6 38. Bh3 Bb5 39.
Bc8 Be8 40. Bh3 c6 41. dxc6 Bxc6 42. Bg2 Bb5 43. Bh3 Bc4 44. Bc8 Kf6 45. Bd7 d5
46. exd5 Bxd5 47. Ke2 Ke5 48. Bg4 Kd6 49. Kd3 Kc5 50. Bh5 Bc6 51. c4 Bb7 52.
Kc3 Bc8 53. Bg6 Bb7 54. Bh5 Bc6 55. Bg4 Be8 56. Bc8 Bf7 57. Ba6 Be6 58. Kd3
Bf5+ 59. Kc3 Bh3 60. Kd3 Bf5+ 61. Kc3 Bd7 62. Bb7 Be6 63. Ba6 Bf5 64. Bb7 Bd7
65. Kd3 Bf5+ 66. Kc3 1/2-1/2

[Event "20. Obert Int. Sant Marti 2018"]
[Site "Barcelona ESP"]
[Date "2018.07.16"]
[Round "4.36"]
[White "Jijo, Joy"]
[Black "Saptorshi, Gupta"]
[Result "0-1"]
[WhiteElo "1969"]
[BlackElo "2091"]
[PlyCount "84"]
[EventDate "2018.07.13"]
[EventType "swiss"]
[EventRounds "9"]
[EventCountry "ESP"]
[SourceTitle "Ajedrez en Madrid"]
[Source "lmi"]
[SourceDate "2018.07.13"]
[SourceVersion "1"]
[SourceVersionDate "2019.06.21"]
[SourceQuality "1"]

1. e4 c5 2. Nf3 d6 3. d4 cxd4 4. Nxd4 Nf6 5. Nc3 a6 6. g3 e5 7. Nde2 b5 8. Nd5
Nbd7 9. Bg2 Bb7 10. Nec3 Rc8 11. Bg5 h6 12. Nxf6+ Nxf6 13. Bxf6 Qxf6 14. Nd5
Qd8 15. c3 Be7 16. O-O O-O 17. Qd3 Rc5 18. Nxe7+ Qxe7 19. Rfd1 Rd8 20. Rd2 Bc8
21. Rad1 Be6 22. Qe3 Qc7 23. Ra1 a5 24. f4 b4 25. cxb4 axb4 26. fxe5 Rxe5 27.
Rad1 Rc5 28. a3 b3 29. e5 Rxe5 30. Qxe5 dxe5 31. Rxd8+ Kh7 32. R8d3 Bf5 33.
R3d2 Bc2 34. Re1 e4 35. Rde2 f5 36. g4 Qc5+ 37. Kh1 f4 38. Bxe4+ Bxe4+ 39. Rxe4
f3 40. R1e3 Qc1+ 41. Re1 Qc2 42. Rg1 Qxe4 0-1

[Event "20. Obert Int. Sant Marti 2018"]
[Site "Barcelona ESP"]
[Date "2018.07.16"]
[Round "4.37"]
[White "Gonzalez Saguillo, Oriol"]
[Black "Salvany Rius, Joaquim"]
[Result "1/2-1/2"]
[WhiteElo "2090"]
[BlackElo "1952"]
[PlyCount "135"]
[EventDate "2018.07.13"]
[EventType "swiss"]
[EventRounds "9"]
[EventCountry "ESP"]
[SourceTitle "Ajedrez en Madrid"]
[Source "lmi"]
[SourceDate "2018.07.13"]
[SourceVersion "1"]
[SourceVersionDate "2019.06.21"]
[SourceQuality "1"]

1. Nf3 Nf6 2. d4 g6 3. c4 Bg7 4. Nc3 O-O 5. e4 d6 6. Be2 e5 7. dxe5 dxe5 8.
Qxd8 Rxd8 9. Bg5 Re8 10. O-O-O h6 11. Bh4 Nh5 12. Nd5 Na6 13. Ne7+ Kf8 14. Nxc8
Nf4 15. Bf1 Raxc8 16. Ne1 Nc5 17. f3 a5 18. Nc2 f6 19. Bf2 Nfe6 20. Rd5 b6 21.
g3 c6 22. Rd1 Rcd8 23. Be2 Ke7 24. b3 f5 25. Rhe1 Rxd1+ 26. Rxd1 fxe4 27. fxe4
Rd8 28. Rxd8 Kxd8 29. Kd1 Kc7 30. Bf3 Kd6 31. h4 Nd4 32. Bg2 h5 33. Be3 Nde6
34. Ke2 Nd4+ 35. Kd2 Nxc2 36. Kxc2 Bf6 37. a3 Bd8 38. Kc3 Ne6 39. Bh3 Nc5 40.
Bg2 Ne6 41. Bf3 c5 42. Bd1 Nd4 43. Kd2 Bf6 44. Ke1 Ne6 45. Kf2 Nd4 46. Bd2 Ne6
47. Be3 Nd4 48. Kg2 Ke6 49. Kh3 Kd6 50. g4 hxg4+ 51. Kxg4 Ke6 52. Bd2 Be7 53.
h5 gxh5+ 54. Kxh5 Kf7 55. Kh6 Bh4 56. b4 axb4 57. axb4 cxb4 58. Bxb4 Be7 59.
Bh5+ Kf6 60. Bc3 Bf8+ 61. Kh7 Kg5 62. Bf7 Kf4 63. Bd5 Ke3 64. Kg8 Bc5 65. Kf7
Kd3 66. Be1 Nf3 67. Bg3 Bd4 68. Kf6 1/2-1/2

[Event "20. Obert Int. Sant Marti 2018"]
[Site "Barcelona ESP"]
[Date "2018.07.16"]
[Round "4.38"]
[White "Minko, Dmitry"]
[Black "Supriya, Joshi"]
[Result "0-1"]
[WhiteElo "2085"]
[BlackElo "1941"]
[PlyCount "52"]
[EventDate "2018.07.13"]
[EventType "swiss"]
[EventRounds "9"]
[EventCountry "ESP"]
[SourceTitle "Ajedrez en Madrid"]
[Source "lmi"]
[SourceDate "2018.07.13"]
[SourceVersion "1"]
[SourceVersionDate "2019.06.21"]
[SourceQuality "1"]

1. e4 c6 2. d4 d5 3. exd5 cxd5 4. Bd3 g6 5. c3 Bf5 6. Ne2 Nc6 7. O-O Nf6 8. Re1
Bxd3 9. Qxd3 Bg7 10. Bf4 O-O 11. Ng3 Nd7 12. Nd2 e5 13. dxe5 Ndxe5 14. Bxe5
Nxe5 15. Qb5 a6 16. Qb3 d4 17. cxd4 Qxd4 18. Rad1 Qd3 19. Qa4 b5 20. Qf4 Rad8
21. Ngf1 Qc2 22. Rc1 Qxb2 23. Rb1 Qxa2 24. Rxe5 Bxe5 25. Qxe5 Rfe8 26. Qb2 Rxd2
0-1

[Event "20. Obert Int. Sant Marti 2018"]
[Site "Barcelona ESP"]
[Date "2018.07.16"]
[Round "4.39"]
[White "Nigalidze, Zviad"]
[Black "Jaeel, Atharva"]
[Result "0-1"]
[WhiteElo "1968"]
[BlackElo "2083"]
[PlyCount "164"]
[EventDate "2018.07.13"]
[EventType "swiss"]
[EventRounds "9"]
[EventCountry "ESP"]
[SourceTitle "Ajedrez en Madrid"]
[Source "lmi"]
[SourceDate "2018.07.13"]
[SourceVersion "1"]
[SourceVersionDate "2019.06.21"]
[SourceQuality "1"]

1. e4 c6 2. d4 d5 3. e5 c5 4. c3 Nc6 5. Nf3 Bg4 6. Bb5 Qb6 7. Bxc6+ bxc6 8.
dxc5 Qxc5 9. O-O e6 10. h3 Bh5 11. Nbd2 Qb6 12. Qa4 Ne7 13. Nd4 Bg6 14. N2f3
Rc8 15. b4 Bd3 16. Rd1 Bb5 17. Qc2 Ng6 18. a4 Ba6 19. Be3 Qb8 20. b5 Bb7 21.
bxc6 Bxc6 22. Rdb1 Qa8 23. Nxc6 Rxc6 24. Qb3 a6 25. a5 Be7 26. Nd4 Rc4 27. Qb8+
Qxb8 28. Rxb8+ Kd7 29. Rb7+ Rc7 30. Rxc7+ Kxc7 31. Nf3 Rb8 32. Bb6+ Kd7 33. g3
Rc8 34. Bd4 Bd8 35. Nd2 h5 36. Nb3 Be7 37. Nc1 Rb8 38. Nd3 Rb5 39. Ra4 Bd8 40.
Nc5+ Kc8 41. Nxa6 Rxa5 42. Rxa5 Bxa5 43. Nc5 Kc7 44. Nb3 Bb6 45. Kg2 Kc6 46.
Bxb6 Kxb6 47. f4 h4 48. Kf3 Kb5 49. Nd2 hxg3 50. Kxg3 Ne7 51. Kg4 Ka4 52. c4 d4
53. Kf3 Kb4 54. Ke2 Kc3 55. c5 d3+ 56. Kd1 Kd4 57. Nb3+ Kc4 58. Nc1 Kxc5 59.
Nxd3+ Kd4 60. Ke2 Ke4 61. Kd2 Nd5 62. Nc5+ Kxf4 63. Nd7 Ke4 64. Ke2 Nf4+ 65.
Kf2 Nxh3+ 66. Kg3 Nf4 67. Kg4 Ng6 68. Kg5 Nxe5 69. Nc5+ Kd5 70. Nb3 f6+ 71. Kf4
g5+ 72. Ke3 f5 73. Nc1 f4+ 74. Ke2 Ke4 75. Nb3 g4 76. Nc5+ Kf5 77. Nb7 f3+ 78.
Ke3 g3 79. Nd6+ Kg4 80. Ne8 Nc4+ 81. Ke4 f2 82. Nf6+ Kh4 0-1

[Event "20. Obert Int. Sant Marti 2018"]
[Site "Barcelona ESP"]
[Date "2018.07.16"]
[Round "4.40"]
[White "Guix Torres, David"]
[Black "Rojas Fernandez, Andres"]
[Result "1/2-1/2"]
[WhiteElo "2059"]
[BlackElo "1933"]
[PlyCount "136"]
[EventDate "2018.07.13"]
[EventType "swiss"]
[EventRounds "9"]
[EventCountry "ESP"]
[SourceTitle "Ajedrez en Madrid"]
[Source "lmi"]
[SourceDate "2018.07.13"]
[SourceVersion "1"]
[SourceVersionDate "2019.06.21"]
[SourceQuality "1"]

1. d4 Nf6 2. Nf3 d5 3. e3 e6 4. Bd3 Bd6 5. b3 Ne4 6. Bb2 Nd7 7. O-O O-O 8. Ne5
f5 9. f3 Ng5 10. Nd2 c5 11. c4 Qc7 12. h4 Nxe5 13. dxe5 Bxe5 14. Bxe5 Qxe5 15.
Qe2 Nf7 16. f4 Qf6 17. Rac1 b6 18. Nf3 Bb7 19. Qc2 dxc4 20. Bxc4 Bxf3 21. Rxf3
Nd6 22. Rd1 Nxc4 23. Qxc4 Rad8 24. Rff1 Kh8 25. h5 Qf7 26. a4 Rd5 27. a5 Rfd8
28. Rxd5 exd5 29. Qa6 bxa5 30. Qxa5 Qe7 31. Rf3 d4 32. exd4 Rxd4 33. Qb5 Rd1+
34. Rf1 Rxf1+ 35. Kxf1 h6 36. Qe2 Qf7 37. Qd1 Kh7 38. Kf2 a5 39. Qc2 Qd5 40. g3
Qd4+ 41. Kf3 Qd5+ 42. Kf2 g6 43. Qe2 Qd4+ 44. Kf3 Qd5+ 45. Kf2 Qe4 46. Qxe4
fxe4 47. Ke3 c4 48. bxc4 a4 49. c5 a3 50. c6 a2 51. hxg6+ Kxg6 52. c7 a1=Q 53.
c8=Q Qe1+ 54. Kd4 Qd2+ 55. Kxe4 Qe2+ 56. Kd4 Qd2+ 57. Ke5 Qe3+ 58. Kd6 Qd4+ 59.
Ke7 Qb4+ 60. Ke6 Qe4+ 61. Kd7 Qf5+ 62. Kc7 Qxc8+ 63. Kxc8 Kf5 64. Kd7 h5 65.
Ke7 h4 66. gxh4 Kxf4 67. Kf6 Kg4 68. h5 Kxh5 1/2-1/2

[Event "20. Obert Int. Sant Marti 2018"]
[Site "Barcelona ESP"]
[Date "2018.07.16"]
[Round "4.41"]
[White "Martinez Aguero, Francisco"]
[Black "Brunet Gil, Pol"]
[Result "0-1"]
[WhiteElo "1504"]
[BlackElo "2052"]
[PlyCount "56"]
[EventDate "2018.07.13"]
[EventType "swiss"]
[EventRounds "9"]
[EventCountry "ESP"]
[SourceTitle "Ajedrez en Madrid"]
[Source "lmi"]
[SourceDate "2018.07.13"]
[SourceVersion "1"]
[SourceVersionDate "2019.06.21"]
[SourceQuality "1"]

1. e4 c5 2. d4 cxd4 3. c3 Nf6 4. e5 Nd5 5. cxd4 Nc6 6. Nf3 d6 7. exd6 Qxd6 8.
Be2 Bg4 9. Nbd2 e6 10. a3 Be7 11. Nc4 Qd8 12. Ne3 Nxe3 13. fxe3 O-O 14. O-O Rc8
15. Bd2 Qb6 16. b3 Rfd8 17. Kh1 Bf6 18. Ne1 Bxe2 19. Qxe2 Qxb3 20. Rf3 Qd5 21.
Nc2 Qd7 22. Qf2 Ne5 23. Rg3 Bh4 24. Rxg7+ Kxg7 25. Qxh4 Ng6 26. Qe4 Qc6 27.
Qxc6 Rxc6 28. Rc1 Rdc8 0-1

[Event "20. Obert Int. Sant Marti 2018"]
[Site "Barcelona ESP"]
[Date "2018.07.16"]
[Round "4.42"]
[White "Moreno Garcia, Elizabeth Paola"]
[Black "Pena Mor, David"]
[Result "1/2-1/2"]
[WhiteElo "2029"]
[BlackElo "1858"]
[PlyCount "80"]
[EventDate "2018.07.13"]
[EventType "swiss"]
[EventRounds "9"]
[EventCountry "ESP"]
[SourceTitle "Ajedrez en Madrid"]
[Source "lmi"]
[SourceDate "2018.07.13"]
[SourceVersion "1"]
[SourceVersionDate "2019.06.21"]
[SourceQuality "1"]

1. e4 e5 2. Nf3 Nc6 3. Bb5 a6 4. Ba4 Nf6 5. O-O Be7 6. d3 d6 7. a3 O-O 8. h3 b5
9. Bb3 Na5 10. Ba2 c5 11. Nc3 Bb7 12. Bg5 Rc8 13. Bxf6 Bxf6 14. Nd5 c4 15.
Nxf6+ Qxf6 16. Qd2 Qd8 17. b4 cxb3 18. cxb3 Nc6 19. b4 Nd4 20. Nxd4 exd4 21.
Rac1 Qf6 22. Rxc8 Rxc8 23. Rc1 Rc3 24. Kf1 g5 25. Rxc3 dxc3 26. Qc2 Bc8 27. Ke2
Be6 28. Kd1 h5 29. Bxe6 fxe6 30. Qe2 h4 31. Kc2 Qe5 32. Qe3 Kf7 33. d4 Qf6 34.
Kxc3 Qf4 35. Qxf4+ gxf4 36. e5 dxe5 37. dxe5 Kg6 38. f3 Kg5 39. Kd3 Kg6 40. Kc3
Kg5 1/2-1/2

[Event "20. Obert Int. Sant Marti 2018"]
[Site "Barcelona ESP"]
[Date "2018.07.16"]
[Round "4.43"]
[White "Castrillo Mansego, Pablo"]
[Black "Houzi Acharki, Hanane"]
[Result "1/2-1/2"]
[WhiteElo "2020"]
[BlackElo "1664"]
[PlyCount "77"]
[EventDate "2018.07.13"]
[EventType "swiss"]
[EventRounds "9"]
[EventCountry "ESP"]
[SourceTitle "Ajedrez en Madrid"]
[Source "lmi"]
[SourceDate "2018.07.13"]
[SourceVersion "1"]
[SourceVersionDate "2019.06.21"]
[SourceQuality "1"]

1. e4 c5 2. f4 Nc6 3. Nf3 g6 4. Bc4 Bg7 5. c3 e6 6. Qe2 Nge7 7. Bb3 O-O 8. d3
d5 9. Be3 b6 10. Nbd2 Re8 11. O-O Ba6 12. Bc2 dxe4 13. Nxe4 Nd5 14. Ba4 Nxe3
15. Qxe3 Qc7 16. Ne5 Bb7 17. Qf3 Nxe5 18. fxe5 Bxe4 19. Qxe4 Rf8 20. d4 Rad8
21. Bb3 Rd7 22. Ba4 Rdd8 23. Rac1 Qe7 24. Bb3 Rd7 25. Ba4 Rdd8 26. Rfd1 h6 27.
h4 Kh8 28. h5 Qg5 29. hxg6 Qxg6 30. Qb7 Qg5 31. Qe4 Qg6 32. Qf3 Qg5 33. Bc2
cxd4 34. Qe4 Qe3+ 35. Kf1 Qxe4 36. Bxe4 dxc3 37. Rxd8 Rxd8 38. Rxc3 Bxe5 39.
Rc2 1/2-1/2

[Event "20. Obert Int. Sant Marti 2018"]
[Site "Barcelona ESP"]
[Date "2018.07.16"]
[Round "4.44"]
[White "Miralles Brugues, Jordi"]
[Black "Tateo, Ida"]
[Result "1-0"]
[WhiteElo "2011"]
[BlackElo "1220"]
[PlyCount "80"]
[EventDate "2018.07.13"]
[EventType "swiss"]
[EventRounds "9"]
[EventCountry "ESP"]
[SourceTitle "Ajedrez en Madrid"]
[Source "lmi"]
[SourceDate "2018.07.13"]
[SourceVersion "1"]
[SourceVersionDate "2019.06.21"]
[SourceQuality "1"]

1. d4 Nf6 2. Bf4 g6 3. e3 Bg7 4. Nf3 O-O 5. h3 d6 6. Be2 Nbd7 7. O-O c5 8. c3
b6 9. Nbd2 Qc7 10. Bh2 Bb7 11. a4 a5 12. Bb5 Ba6 13. Bxa6 Rxa6 14. Qe2 Rfa8 15.
Rac1 Qc6 16. b3 Ne4 17. Qd3 Nxd2 18. Nxd2 Qb7 19. d5 Qa7 20. c4 Re8 21. f4 e5
22. dxe6 Rxe6 23. f5 Rxe3 24. Qxd6 Bd4 25. Kh1 Re2 26. fxg6 hxg6 27. Qd5 Ne5
28. Qd8+ Kh7 29. Qh4+ Kg8 30. Ne4 Nd3 31. Rcd1 Qb7 32. Qd8+ Kg7 33. Rxd3 Qxe4
34. Rdf3 Ra7 35. Bd6 f5 36. Qxb6 Rb7 37. Qxa5 Rxb3 38. Bxc5 Rbb2 39. Qa7+ Kh6
40. Bxd4 Qxd4 1-0

[Event "20. Obert Int. Sant Marti 2018"]
[Site "Barcelona ESP"]
[Date "2018.07.16"]
[Round "4.45"]
[White "Varela Cuadrado, Cesar"]
[Black "Marchador Villalba, Jordi"]
[Result "1/2-1/2"]
[WhiteElo "1856"]
[BlackElo "2009"]
[PlyCount "93"]
[EventDate "2018.07.13"]
[EventType "swiss"]
[EventRounds "9"]
[EventCountry "ESP"]
[SourceTitle "Ajedrez en Madrid"]
[Source "lmi"]
[SourceDate "2018.07.13"]
[SourceVersion "1"]
[SourceVersionDate "2019.06.21"]
[SourceQuality "1"]

1. e4 Nf6 2. e5 Nd5 3. d4 d6 4. c4 Nb6 5. exd6 cxd6 6. Nc3 g6 7. b3 Bg7 8. Be3
O-O 9. Bd3 e5 10. Nge2 Nc6 11. d5 Ne7 12. O-O Bf5 13. Be4 h6 14. Rc1 Bxe4 15.
Nxe4 Nf5 16. Bd2 a5 17. a4 Re8 18. N4g3 Nxg3 19. Nxg3 Nd7 20. Ne4 Qc7 21. Nc3
Nc5 22. Nb5 Qd7 23. Be3 b6 24. f4 f6 25. fxe5 fxe5 26. Qc2 Kh7 27. Bxc5 bxc5
28. Qe4 Rf8 29. Rxf8 Rxf8 30. Rf1 Rxf1+ 31. Kxf1 Bf8 32. Qe1 Qf5+ 33. Kg1 Qd3
34. Qc3 Qd1+ 35. Kf2 Bg7 36. Qf3 Qd2+ 37. Qe2 Qf4+ 38. Kg1 e4 39. g3 Qe5 40.
Kg2 h5 41. h4 e3 42. Kh2 Bf6 43. Kg2 Qe4+ 44. Qf3 Qe5 45. Qe2 Qe4+ 46. Qf3 Qe5
47. Qe2 1/2-1/2

[Event "20. Obert Int. Sant Marti 2018"]
[Site "Barcelona ESP"]
[Date "2018.07.16"]
[Round "4.46"]
[White "Rodriguez Vega, Blas"]
[Black "Bhuta, Hriday"]
[Result "1/2-1/2"]
[WhiteElo "1992"]
[BlackElo "1650"]
[PlyCount "104"]
[EventDate "2018.07.13"]
[EventType "swiss"]
[EventRounds "9"]
[EventCountry "ESP"]
[SourceTitle "Ajedrez en Madrid"]
[Source "lmi"]
[SourceDate "2018.07.13"]
[SourceVersion "1"]
[SourceVersionDate "2019.06.21"]
[SourceQuality "1"]

1. b3 Nf6 2. Bb2 e6 3. e3 Be7 4. f4 O-O 5. Nf3 b6 6. Be2 Bb7 7. O-O c5 8. Na3
Nc6 9. Nc4 d6 10. a4 a6 11. Qe1 Nb4 12. Bd1 b5 13. axb5 axb5 14. Na3 Re8 15.
Qg3 g6 16. Qh3 Nfd5 17. Qh6 Bf8 18. Qh3 Bg7 19. Bxg7 Kxg7 20. Be2 c4 21. bxc4
bxc4 22. Bxc4 Qc7 23. Bb3 h6 24. Qg3 Qc5 25. Nd4 Nc6 26. Nab5 Nxd4 27. Nxd4 Ba6
28. Rfe1 Bc4 29. Ba4 Reb8 30. Bd7 Rxa1 31. Rxa1 Nb6 32. Bc6 Rc8 33. Bf3 Bd5 34.
Bxd5 Nxd5 35. c3 Rb8 36. h4 h5 37. Rf1 Nf6 38. Qf3 Rb2 39. Rd1 d5 40. Qe2 Ne4
41. Qd3 Qe7 42. Nf3 Qa3 43. Qd4+ Kg8 44. Ne5 Qe7 45. Nf3 Qa3 46. Ng5 Qb3 47.
Ra1 Rb1+ 48. Rxb1 Qxb1+ 49. Kh2 Qe1 50. Nxe4 Qxh4+ 51. Kg1 Qe1+ 52. Kh2 Qh4+
1/2-1/2

[Event "20. Obert Int. Sant Marti 2018"]
[Site "Barcelona ESP"]
[Date "2018.07.16"]
[Round "4.47"]
[White "Borrellas Comellas, Josep"]
[Black "Riu Lopez, Daniel"]
[Result "1/2-1/2"]
[WhiteElo "2080"]
[BlackElo "1920"]
[PlyCount "104"]
[EventDate "2018.07.13"]
[EventType "swiss"]
[EventRounds "9"]
[EventCountry "ESP"]
[SourceTitle "Ajedrez en Madrid"]
[Source "lmi"]
[SourceDate "2018.07.13"]
[SourceVersion "1"]
[SourceVersionDate "2019.06.21"]
[SourceQuality "1"]

1. e4 d5 2. exd5 Qxd5 3. Nc3 Qa5 4. Qe2 Nc6 5. Qb5 Qxb5 6. Nxb5 Kd8 7. c3 a6 8.
Na3 e5 9. Nc2 Bf5 10. d3 Nf6 11. Nf3 Kd7 12. Bg5 Be7 13. h3 Rad8 14. O-O-O Kc8
15. Be2 h6 16. Bh4 g5 17. Bg3 e4 18. Nfd4 Nxd4 19. Nxd4 Bg6 20. Rhe1 Rhe8 21.
dxe4 Nxe4 22. Bg4+ Kb8 23. Bf5 Nxg3 24. Bxg6 fxg6 25. Rxe7 Rxe7 26. Nc6+ bxc6
27. Rxd8+ Kb7 28. fxg3 Re1+ 29. Rd1 Re3 30. g4 h5 31. gxh5 gxh5 32. Rd2 Kb6 33.
Kc2 Rg3 34. Kd1 h4 35. Ke1 g4 36. hxg4 Rxg4 37. Kf2 c5 38. Re2 Kb5 39. Kf3 Rg3+
40. Kf2 Rg4 41. Ke1 Rg3 42. Kd2 h3 43. gxh3 Rxh3 44. b3 a5 45. a4+ Kb6 46. Re6+
c6 47. Re3 Rh2+ 48. Kd3 Rh4 49. Re4 Rh5 50. Rg4 Rf5 51. Re4 Rh5 52. Kc4 Rg5
1/2-1/2

[Event "20. Obert Int. Sant Marti 2018"]
[Site "Barcelona ESP"]
[Date "2018.07.16"]
[Round "4.48"]
[White "Gomez Barrera, Javiera Belen"]
[Black "Ji, Pablo"]
[Result "1-0"]
[WhiteElo "2063"]
[BlackElo "1774"]
[PlyCount "103"]
[EventDate "2018.07.13"]
[EventType "swiss"]
[EventRounds "9"]
[EventCountry "ESP"]
[SourceTitle "Ajedrez en Madrid"]
[Source "lmi"]
[SourceDate "2018.07.13"]
[SourceVersion "1"]
[SourceVersionDate "2019.06.21"]
[SourceQuality "1"]

1. e4 c5 2. Nf3 d6 3. d4 cxd4 4. Nxd4 Nf6 5. Nc3 g6 6. Be3 Bg7 7. f3 O-O 8. Qd2
Nc6 9. Bc4 Bd7 10. O-O-O Rc8 11. Bb3 Ne5 12. Kb1 a6 13. h4 h5 14. g4 Nc4 15.
Bxc4 Rxc4 16. gxh5 Nxh5 17. Rhg1 b5 18. Nde2 Be6 19. Bd4 b4 20. Bxg7 Kxg7 21.
Nd5 Bxd5 22. Qxd5 Rc5 23. Qd4+ Kh7 24. Qxb4 Qc7 25. Qd2 Rb8 26. Rg5 Qb7 27. b3
Rbc8 28. Rxc5 Rxc5 29. Qd4 Nf6 30. Ng3 Qc7 31. Rd2 Rc3 32. Qf2 Qc6 33. Ne2 Rc5
34. Nd4 Qb7 35. Qe3 a5 36. Rg2 a4 37. Kb2 a3+ 38. Kxa3 e5 39. Nf5 Qa8+ 40. Kb2
gxf5 41. Qg5 Rxc2+ 42. Rxc2 Qa7 43. Qxf5+ Kg8 44. Qg5+ Kh7 45. Qf5+ Kg8 46.
Rg2+ Kf8 47. Qc8+ Ke7 48. Rc2 Nd7 49. Rc7 Qf2+ 50. Ka3 Qxf3 51. Qxd7+ Kf8 52.
Qxd6+ 1-0

[Event "20. Obert Int. Sant Marti 2018"]
[Site "Barcelona ESP"]
[Date "2018.07.16"]
[Round "4.49"]
[White "Bernat, Ernest"]
[Black "Haak, Eelco"]
[Result "1/2-1/2"]
[WhiteElo "1880"]
[BlackElo "2015"]
[PlyCount "61"]
[EventDate "2018.07.13"]
[EventType "swiss"]
[EventRounds "9"]
[EventCountry "ESP"]
[SourceTitle "Ajedrez en Madrid"]
[Source "lmi"]
[SourceDate "2018.07.13"]
[SourceVersion "1"]
[SourceVersionDate "2019.06.21"]
[SourceQuality "1"]

1. e4 e6 2. d4 d5 3. Nd2 Nf6 4. Bd3 c5 5. exd5 Qxd5 6. Ngf3 cxd4 7. Bc4 Qd6 8.
O-O Nc6 9. Nb3 Be7 10. Nbxd4 Nxd4 11. Nxd4 a6 12. c3 Qc7 13. Qe2 O-O 14. Bb3 e5
15. Nc2 a5 16. Ne3 a4 17. Nd5 Nxd5 18. Bxd5 Ra6 19. Qc4 Qxc4 20. Bxc4 Rg6 21.
Re1 Bh3 22. Bf1 Rd8 23. Be3 Bg4 24. Kh1 f5 25. f3 Bh5 26. Rad1 Rgd6 27. Rxd6
Bxd6 28. Rd1 Bf7 29. Bc5 Be7 30. Rxd8+ Bxd8 31. Bb5 1/2-1/2

[Event "20. Obert Int. Sant Marti 2018"]
[Site "Barcelona ESP"]
[Date "2018.07.16"]
[Round "4.50"]
[White "Alcaraz Lopez, Francesc"]
[Black "Rusconi, Benito"]
[Result "1-0"]
[WhiteElo "1889"]
[BlackElo "1981"]
[PlyCount "53"]
[EventDate "2018.07.13"]
[EventType "swiss"]
[EventRounds "9"]
[EventCountry "ESP"]
[SourceTitle "Ajedrez en Madrid"]
[Source "lmi"]
[SourceDate "2018.07.13"]
[SourceVersion "1"]
[SourceVersionDate "2019.06.21"]
[SourceQuality "1"]

1. c4 e5 2. Nc3 Nf6 3. Nf3 Nc6 4. d4 exd4 5. Nxd4 Bc5 6. e3 O-O 7. Be2 d6 8.
O-O Bd7 9. b3 Re8 10. Bb2 a5 11. Bf3 Rb8 12. Nxc6 bxc6 13. Na4 Ba7 14. Qd2 Ra8
15. Rac1 Ne4 16. Qe2 Nxf2 17. c5 Ne4 18. Bxe4 Rxe4 19. Rxf7 Re7 20. Rf4 Qe8 21.
Bd4 Qg6 22. Rcf1 Ree8 23. Qf2 Be6 24. Rf3 Qh5 25. Rg3 Re7 26. Qf6 Qf7 27. Qg5
1-0

[Event "20. Obert Int. Sant Marti 2018"]
[Site "Barcelona ESP"]
[Date "2018.07.16"]
[Round "4.51"]
[White "Cabot Muntane, Jordi"]
[Black "Romero Gamez, Francisco Javier"]
[Result "1-0"]
[WhiteElo "1933"]
[BlackElo "1540"]
[PlyCount "83"]
[EventDate "2018.07.13"]
[EventType "swiss"]
[EventRounds "9"]
[EventCountry "ESP"]
[SourceTitle "Ajedrez en Madrid"]
[Source "lmi"]
[SourceDate "2018.07.13"]
[SourceVersion "1"]
[SourceVersionDate "2019.06.21"]
[SourceQuality "1"]

1. d4 Nf6 2. Nf3 d5 3. Bf4 e6 4. e3 Bd6 5. Nbd2 Bxf4 6. exf4 O-O 7. Bd3 Qd6 8.
g3 Nbd7 9. c3 b6 10. O-O Bb7 11. Ne5 c5 12. a3 cxd4 13. cxd4 Rac8 14. Qe2 Rc7
15. Rad1 Rfc8 16. g4 Qf8 17. g5 Nxe5 18. fxe5 Ne8 19. h4 Qe7 20. Qg4 g6 21. h5
Ng7 22. h6 Nf5 23. Nf3 a6 24. Nh4 Nxh4 25. Qxh4 b5 26. Qf4 Rc6 27. Rc1 Rxc1 28.
Rxc1 Rxc1+ 29. Qxc1 Qd7 30. Kf1 Qc8 31. Qxc8+ Bxc8 32. Ke1 Kf8 33. Kd2 Ke7 34.
Kc3 Kd7 35. Kb4 Kc7 36. Kc5 Bd7 37. a4 bxa4 38. Bxa6 Be8 39. Bb5 Bxb5 40. Kxb5
Kb7 41. Kxa4 Kb6 42. Kb4 1-0

[Event "20. Obert Int. Sant Marti 2018"]
[Site "Barcelona ESP"]
[Date "2018.07.16"]
[Round "4.53"]
[White "Lorenzo Martinez, Ruben"]
[Black "Palacin Martin, Ricardo"]
[Result "0-1"]
[WhiteElo "1846"]
[BlackElo "2044"]
[PlyCount "92"]
[EventDate "2018.07.13"]
[EventType "swiss"]
[EventRounds "9"]
[EventCountry "ESP"]
[SourceTitle "Ajedrez en Madrid"]
[Source "lmi"]
[SourceDate "2018.07.13"]
[SourceVersion "1"]
[SourceVersionDate "2019.06.21"]
[SourceQuality "1"]

1. d4 d5 2. Nf3 Nf6 3. Bf4 e6 4. e3 Bd6 5. Bg3 O-O 6. Bd3 b6 7. O-O Bb7 8. Nbd2
Ne4 9. c4 c5 10. Qc2 f5 11. Rad1 Nc6 12. a3 cxd4 13. Bxe4 fxe4 14. Nxd4 Nxd4
15. exd4 Bxg3 16. hxg3 Qf6 17. Nb1 Ba6 18. b3 Rac8 19. Nc3 b5 20. c5 b4 21. Ne2
bxa3 22. Rd2 Bxe2 23. Rxe2 Qxd4 24. Rc1 Rc6 25. Qc3 Qxc3 26. Rxc3 a5 27. f3
exf3 28. gxf3 Rfc8 29. Ra2 Rxc5 30. Rxc5 Rxc5 31. Rxa3 Kf7 32. Kf2 Kf6 33. f4
Kf5 34. Ke2 Rc3 35. Rxa5 Rxg3 36. b4 Kxf4 37. b5 Rb3 38. Kd2 d4 39. Kc2 Rb4 40.
Kd3 e5 41. Ra7 e4+ 42. Kd2 Rb2+ 43. Kc1 Rxb5 44. Rxg7 Rh5 45. Rf7+ Ke3 46. Rd7
Kd3 0-1

[Event "20. Obert Int. Sant Marti 2018"]
[Site "Barcelona ESP"]
[Date "2018.07.16"]
[Round "4.54"]
[White "Robert, Thibaud"]
[Black "Coste, Roman"]
[Result "0-1"]
[WhiteElo "1830"]
[BlackElo "1948"]
[PlyCount "50"]
[EventDate "2018.07.13"]
[EventType "swiss"]
[EventRounds "9"]
[EventCountry "ESP"]
[SourceTitle "Ajedrez en Madrid"]
[Source "lmi"]
[SourceDate "2018.07.13"]
[SourceVersion "1"]
[SourceVersionDate "2019.06.21"]
[SourceQuality "1"]

1. e4 c5 2. Nc3 Nc6 3. Bb5 Nd4 4. Bc4 g6 5. Nf3 Bg7 6. d3 a6 7. O-O e6 8. Nxd4
cxd4 9. Ne2 Ne7 10. Bg5 h6 11. Bh4 g5 12. Bg3 d5 13. exd5 Nxd5 14. Bxd5 Qxd5
15. f4 b5 16. Rf2 Bb7 17. Qd2 h5 18. fxg5 h4 19. c4 dxc3 20. Nxc3 hxg3 21. Nxd5
gxf2+ 22. Qxf2 Bxd5 23. Qc5 Rh4 24. Qc2 Bd4+ 25. Kf1 Rxh2 0-1